| 000 | 00563nam a22002057i 4500 | ||
|---|---|---|---|
| 001 | 6255 | ||
| 003 | OSt | ||
| 005 | 20180914133408.0 | ||
| 007 | tu | ||
| 008 | 161220s2003 gw |||||||||||||||||ger d | ||
| 024 | 7 |
_a6255 _2RID |
|
| 024 | 7 |
_a6255 _2RSN (alt) |
|
| 040 | _cOSt | ||
| 041 | _ager | ||
| 100 | 1 | _aBohata, Petr | |
| 245 | 0 | 0 | _aJustizreformen in der Tschechoslowakei und ihren Nachfolgestaaten |
| 260 |
_aMünchen : _bforost - Forschungsverbund Ost- und Südosteuropa, _c2003. |
||
| 490 |
_aforost Arbeitspapiere _v16/November 2003 _x1613-0332 |
||
| 942 | _cP | ||
| 999 |
_c5862 _d5862 |
||